[Event "Cesme op-A 11th"]
[Site "Izmir"]
[Date "2025.06.26"]
[Round "5"]
[White "Kiolbasa, Oliwia"]
[Black "Petkov, Momchil"]
[Result "1/2-1/2"]
[WhiteElo "2366"]
[BlackElo "2528"]
[PlyCount "100"]
[EventDate "2025.06.23"]
[EventType "swiss"]
[EventRounds "9"]
[EventCountry "TUR"]
[SourceTitle "CB27_2025"]
[SourceDate "2025.07.02"]
[SourceVersion "1"]
[SourceVersionDate "2025.07.02"]
[SourceQuality "1"]

1. e4 c6 2. d4 d5 3. exd5 cxd5 4. Bd3 Nc6 5. c3 Qc7 6. h3 e6 7. Nf3 Bd6 8. 0-0 Nf6 9. Re1 b6 10. Qe2 Bb7 11. Nbd2 0-0 12. Ne5 Rae8 13. b3 Ne7 14. Bb2 g6 15. Rac1 Nh5 16. Bb1 f6 17. Nef3 Nf4 18. Qf1 Qd7 19. g3 Nh5 20. c4 Rc8 21. Qe2 Ng7 22. Nf1 Nef5 23. a3 Bb8 24. Ne3 dxc4 25. Nxf5 exf5 26. bxc4 Rfe8 27. Qd3 Be4 28. Qb3 Bxb1 29. Rxb1 f4 30. g4 h5 31. Qb5 Qxb5 32. cxb5 hxg4 33. hxg4 Rc2 34. d5 Rxe1+ 35. Nxe1 Rd2 36. Bxf6 Ne8 37. Bc3 Rxd5 38. Kg2 Nd6 39. a4 Ne4 40. Bb4 Be5 41. Rc1 Rd4 42. Nf3 Rxb4 43. Nxe5 Nc5 44. a5 Kg7 45. axb6 axb6 46. Rc4 Rxb5 47. Rxf4 Ne6 48. Re4 g5 49. Nc4 Nf4+ 50. Kf3 Rb3+ 1/2-1/2

[Event "Cesme op-A 11th"]
[Site "Izmir"]
[Date "2025.06.26"]
[Round "6"]
[White "Petkov, Momchil"]
[Black "Avsar, Gediz"]
[Result "1-0"]
[WhiteElo "2528"]
[BlackElo "2156"]
[PlyCount "107"]
[EventDate "2025.06.23"]
[EventType "swiss"]
[EventRounds "9"]
[EventCountry "TUR"]
[SourceTitle "CB27_2025"]
[SourceDate "2025.07.02"]
[SourceVersion "1"]
[SourceVersionDate "2025.07.02"]
[SourceQuality "1"]

1. d4 Nf6 2. c4 e6 3. Nf3 b6 4. g3 Bb7 5. Bg2 Be7 6. Nc3 0-0 7. d5 Bb4 8. Bd2 c6 9. dxe6 dxe6 10. Ne5 Qc7 11. Nd3 Bxc3 12. Bxc3 c5 13. f3 Nc6 14. e3 Rad8 15. Qc2 e5 16. 0-0-0 a5 17. a3 Ba6 18. Qa4 e4 19. fxe4 Ng4 20. Nf4 Nxe3 21. Nd5 Rxd5 22. exd5 Nd4 23. Bxd4 cxd4 24. Qc6 Qe5 25. Qxb6 Qf5 26. Rd2 Bxc4 27. g4 Qc8 28. Kb1 Bd3+ 29. Ka1 Nc2+ 30. Ka2 a4 31. Qc6 Bc4+ 32. Kb1 d3 33. Qxc8 Rxc8 34. Be4 Rb8 35. Bxd3 Bxd5 36. Rc1 Ne3 37. Re1 Nxg4 38. Bxh7+ Kxh7 39. Rxd5 Rc8 40. h3 Nf6 41. Rd4 Ra8 42. Rh4+ Kg8 43. Rc1 g5 44. Rhc4 Kg7 45. Rc8 Ra6 46. R1c6 Ra7 47. Rc5 Kg6 48. R8c6 Re7 49. Ra5 Re4 50. Raa6 Rf4 51. b4 axb3 52. a4 g4 53. hxg4 Kg5 54. Rxf6 1-0

[Event "Cesme op-A 11th"]
[Site "Izmir"]
[Date "2025.06.25"]
[Round "4"]
[White "Petkov, Momchil"]
[Black "Hasirci, Ozgur Deniz"]
[Result "1-0"]
[WhiteElo "2528"]
[BlackElo "2149"]
[PlyCount "107"]
[EventDate "2025.06.23"]
[EventType "swiss"]
[EventRounds "9"]
[EventCountry "TUR"]
[SourceTitle "CB27_2025"]
[SourceDate "2025.07.02"]
[SourceVersion "1"]
[SourceVersionDate "2025.07.02"]
[SourceQuality "1"]

1. d4 Nf6 2. c4 e6 3. Nc3 d5 4. cxd5 exd5 5. Bg5 Be7 6. e3 c6 7. Bd3 h6 8. Bh4 Ne4 9. Bxe7 Qxe7 10. Bxe4 dxe4 11. Qc2 f5 12. Nge2 0-0 13. Nf4 Qf7 14. h4 Na6 15. h5 Bd7 16. 0-0 c5 17. dxc5 Nxc5 18. Rfd1 Bc6 19. b4 Ne6 20. Ng6 Rfc8 21. Qb3 Kh7 22. Rac1 a6 23. Ne2 Rd8 24. Nef4 Re8 25. Nxe6 Rxe6 26. Rd6 Rf6 27. Qxf7 Rxf7 28. Ne5 Rc7 29. Rc5 Rac8 30. Ng6 Rf7 31. a4 Rf6 32. Rxf6 gxf6 33. Ne7 Rc7 34. Nxf5 Rd7 35. b5 Rd5 36. Rxd5 Bxd5 37. bxa6 bxa6 38. a5 Bb3 39. Nd6 Kg7 40. Nxe4 f5 41. Nc5 Bc4 42. f4 Kf7 43. g4 fxg4 44. e4 Kf6 45. Kf2 Bb5 46. Kg3 Be2 47. Kh4 Kg7 48. e5 Kf7 49. f5 Ke7 50. Kg3 Kf7 51. Ne4 Bd3 52. Kf4 Bc2 53. e6+ Ke7 54. Ke5 1-0

[Event "Cesme op-A 11th"]
[Site "Izmir"]
[Date "2025.06.24"]
[Round "3"]
[White "Akbas, Umut Ata"]
[Black "Petkov, Momchil"]
[Result "1-0"]
[WhiteElo "2431"]
[BlackElo "2528"]
[PlyCount "119"]
[EventDate "2025.06.23"]
[EventType "swiss"]
[EventRounds "9"]
[EventCountry "TUR"]
[SourceTitle "CB27_2025"]
[SourceDate "2025.07.02"]
[SourceVersion "1"]
[SourceVersionDate "2025.07.02"]
[SourceQuality "1"]

1. d4 Nf6 2. c4 g6 3. Nc3 Bg7 4. e4 d6 5. f3 0-0 6. Be3 Nc6 7. Nge2 a6 8. Rc1 Bd7 9. Qd2 h5 10. b3 Nh7 11. d5 Ne5 12. h3 f5 13. exf5 Bxf5 14. Nd4 Bd7 15. Be2 c5 16. dxc6 bxc6 17. f4 c5 18. Nf3 Nxf3+ 19. Bxf3 Rb8 20. 0-0 Nf6 21. Rfe1 Rf7 22. Ne4 Nxe4 23. Bxe4 Bf5 24. Bd5 e6 25. Bf3 h4 26. Rcd1 Rc8 27. Qxd6 Qa5 28. Bg4 Bf8 29. Qd2 Qc7 30. Bxf5 exf5 31. Bf2 Bh6 32. Qd6 Kh7 33. Bxh4 Bxf4 34. Qxa6 g5 35. Bf2 Rg8 36. Be3 Rg6 37. Qa8 Bg3 38. Rf1 g4 39. hxg4 f4 40. Bf2 Rxg4 41. Qe4+ Kg7 42. Bxg3 Rxg3 43. Rf3 Rg6 44. Re1 Qd6 45. Qe5+ Qxe5 46. Rxe5 Ra7 47. a4 Rd7 48. Rd5 Rxd5 49. cxd5 Rb6 50. Rd3 Kf7 51. d6 Ke8 52. d7+ Kd8 53. Kf2 Rg6 54. Rd5 Rg3 55. Rxc5 Rxb3 56. Rd5 Rb4 57. a5 Rb3 58. a6 Ra3 59. Rd6 Rb3 60. a7 1-0

[Event "Munich Whitsun op-A 3rd"]
[Site "Munich"]
[Date "2025.06.10"]
[Round "5"]
[White "Petkov, Momchil"]
[Black "Safarli, Eltaj"]
[Result "1/2-1/2"]
[WhiteElo "2528"]
[BlackElo "2620"]
[PlyCount "69"]
[EventDate "2025.06.08"]
[EventType "swiss"]
[EventRounds "9"]
[EventCountry "GER"]
[SourceTitle "CB26_2025"]
[SourceDate "2025.06.25"]
[SourceVersion "1"]
[SourceVersionDate "2025.06.25"]
[SourceQuality "1"]

1. d4 Nf6 2. c4 e6 3. Nc3 Bb4 4. a3 Bxc3+ 5. bxc3 c5 6. f3 Nc6 7. e4 d6 8. Be3 Qa5 9. Kf2 0-0 10. Ne2 Nd7 11. h4 Nb6 12. Qd3 Qa4 13. Ng3 Na5 14. dxc5 Nbxc4 15. cxd6 Rd8 16. Bc5 b6 17. Bb4 Ba6 18. e5 Bb5 19. Qe4 Nd2 20. Qf4 Nxf1 21. Nxf1 Nc4 22. Ne3 Rac8 23. Ng4 Qc2+ 24. Kg3 h5 25. Ne3 Qd3 26. Rhe1 Ba4 27. Qd4 Nb2 28. Reb1 Qg6+ 29. Kh2 Nd3 30. f4 Nf2 31. Kg1 Qg3 32. Nf1 Nh3+ 33. Kh1 Nf2+ 34. Kg1 Nh3+ 35. Kh1 1/2-1/2

[Event "Munich Whitsun op-A 3rd"]
[Site "Munich"]
[Date "2025.06.09"]
[Round "4"]
[White "Alekseenko, Kirill"]
[Black "Petkov, Momchil"]
[Result "1/2-1/2"]
[WhiteElo "2655"]
[BlackElo "2528"]
[PlyCount "117"]
[EventDate "2025.06.08"]
[EventType "swiss"]
[EventRounds "9"]
[EventCountry "GER"]
[SourceTitle "CB26_2025"]
[SourceDate "2025.06.25"]
[SourceVersion "1"]
[SourceVersionDate "2025.06.25"]
[SourceQuality "1"]

1. e4 c5 2. Nf3 Nc6 3. Bb5 g6 4. 0-0 Bg7 5. Re1 Nd4 6. Nxd4 cxd4 7. d3 e6 8. c3 Ne7 9. cxd4 a6 10. Ba4 b5 11. Bb3 Bxd4 12. Nd2 Bb7 13. Nf3 Bg7 14. Rb1 0-0 15. Bf4 a5 16. a4 bxa4 17. Bxa4 Bc6 18. h4 d5 19. Bxc6 Nxc6 20. e5 h6 21. Rc1 Qb6 22. Be3 Qb7 23. Qd2 Kh7 24. Bc5 Rfc8 25. d4 a4 26. h5 Na5 27. Rc3 Nb3 28. Qc2 Nxc5 29. dxc5 Qb4 30. hxg6+ fxg6 31. c6 Rab8 32. c7 Rb7 33. Re2 Qe7 34. Qxa4 Rbxc7 35. Qc2 Rxc3 36. bxc3 Qa7 37. Kh2 Qc7 38. Qb1 Qxc3 39. Nh4 Bxe5+ 40. g3 Rg8 41. Kg2 Bf6 42. Rxe6 Bxh4 43. gxh4 Qd4 44. Re7+ Rg7 45. Qb7 Qe4+ 46. Rxe4 Rxb7 47. Re6 Rd7 48. Kf3 Kg7 49. Ke3 d4+ 50. Kd3 Rf7 51. Kxd4 Rxf2 52. Ke3 Rf1 53. Ra6 Rh1 54. Ra4 Rh3+ 55. Kf2 Kf6 56. Kg2 Rd3 57. Rf4+ Ke5 58. Rf8 Rd6 59. Kg3 1/2-1/2

[Event "Bucharest ROM GP"]
[Site "Bucharest"]
[Date "2025.05.11"]
[Round "8"]
[White "Petkov, Momchil"]
[Black "Georgiev, Kiril"]
[Result "1/2-1/2"]
[WhiteElo "2524"]
[BlackElo "2529"]
[PlyCount "194"]
[EventDate "2025.05.10"]
[EventType "swiss"]
[EventRounds "10"]
[EventCountry "ROU"]
[SourceTitle "CB20_2025"]
[SourceDate "2025.05.14"]
[SourceVersion "1"]
[SourceVersionDate "2025.05.14"]
[SourceQuality "1"]

1. d4 Nf6 2. c4 g6 3. g3 Bg7 4. Bg2 c6 5. Nf3 0-0 6. 0-0 d5 7. a4 dxc4 8. Na3 Be6 9. Ng5 Qd7 10. Nxe6 Qxe6 11. Qc2 Ne8 12. Rd1 Nd6 13. d5 Qc8 14. Nxc4 cxd5 15. Bxd5 Nxc4 16. Qxc4 Qxc4 17. Bxc4 Nc6 18. Bg5 e6 19. Rab1 Rac8 20. Be3 Rfd8 21. b3 a6 22. Bb6 Rxd1+ 23. Rxd1 Ne5 24. a5 Bf8 25. e3 Bc5 26. Bf1 Bxb6 27. axb6 Rc6 28. f4 Ng4 29. Rd3 Rxb6 30. h3 Nf6 31. Bg2 Rb4 32. Rc3 h5 33. Kf1 a5 34. Ke2 b5 35. Kd3 Kg7 36. Bc6 Nd5 37. Bxd5 exd5 38. Kc2 a4 39. bxa4 bxa4 40. Rd3 Rb5 41. g4 h4 42. Rd4 a3 43. Ra4 Rb2+ 44. Kd3 a2 45. Ra6 Kf8 46. Ra7 Kg7 47. Kd4 Rd2+ 48. Kc3 Rh2 49. Kd4 Rd2+ 50. Kc3 Re2 51. Kd3 Rh2 52. Kd4 Rxh3 53. Rxa2 Rg3 54. g5 h3 55. Rh2 f6 56. Kxd5 Rxe3 57. Kd4 Rg3 58. Ke4 f5+ 59. Kd4 Rf3 60. Ke5 Re3+ 61. Kd5 Kf7 62. Ra2 Re4 63. Ra7+ Kg8 64. Ra8+ Kf7 65. Ra7+ Re7 66. Ra3 h2 67. Rh3 Re2 68. Rh7+ Kg8 69. Rh6 Kg7 70. Rh3 Rf2 71. Ke5 Re2+ 72. Kd5 Kf8 73. Kd6 Kg8 74. Kd5 Kg7 75. Rh4 Re4 76. Rxh2 Rxf4 77. Rg2 Re4 78. Ra2 Kf7 79. Ra7+ Re7 80. Ra6 Kg7 81. Rb6 f4 82. Rf6 Rf7 83. Rxf7+ Kxf7 84. Ke4 Ke6 85. Kxf4 Kd5 86. Kf3 Ke5 87. Ke3 Kf5 88. Kf3 Kxg5 89. Kg3 Kf5 90. Kf3 g5 91. Kg3 g4 92. Kg2 Kf4 93. Kf2 g3+ 94. Kg2 Kg4 95. Kg1 Kf3 96. Kf1 g2+ 97. Kg1 Kg3 1/2-1/2

[Event "Bucharest ROM GP"]
[Site "Bucharest"]
[Date "2025.05.11"]
[Round "9"]
[White "Tudor, Henry Edward"]
[Black "Petkov, Momchil"]
[Result "0-1"]
[WhiteElo "2376"]
[BlackElo "2524"]
[PlyCount "84"]
[EventDate "2025.05.10"]
[EventType "swiss"]
[EventRounds "10"]
[EventCountry "ROU"]
[SourceTitle "CB20_2025"]
[SourceDate "2025.05.14"]
[SourceVersion "1"]
[SourceVersionDate "2025.05.14"]
[SourceQuality "1"]

1. d4 d6 2. Nf3 Nf6 3. c4 g6 4. Nc3 Bg7 5. e4 0-0 6. Be2 e5 7. Be3 Ng4 8. Bg5 f6 9. Bc1 Nh6 10. 0-0 Nc6 11. h3 Kh8 12. Be3 Nf7 13. a3 f5 14. dxe5 dxe5 15. Qxd8 Nfxd8 16. Nd5 Ne6 17. Bd3 f4 18. Bd2 Ncd4 19. Nxd4 exd4 20. Bc2 c6 21. Nb4 f3 22. Nd3 b6 23. b3 c5 24. Rae1 Bb7 25. Bd1 fxg2 26. Kxg2 Rae8 27. f4 Bh6 28. Kg3 Re7 29. Bf3 Ref7 30. Bg4 Re7 31. Bc1 Ng7 32. f5 Bxc1 33. f6 Nh5+ 34. Bxh5 Rxe4 35. Rxe4 Bxe4 36. Nf2 Bf5 37. Rxc1 gxh5 38. Kf4 Rxf6 39. Ke5 Kg7 40. b4 Bg6 41. Ne4 Rf3 42. Ng5 Rf5+ 0-1

[Event "Menorca op-A 4th"]
[Site "Ciutadella"]
[Date "2025.04.27"]
[Round "9"]
[White "Petkov, Momchil"]
[Black "Lu, Miaoyi"]
[Result "1/2-1/2"]
[WhiteElo "2526"]
[BlackElo "2429"]
[PlyCount "71"]
[EventDate "2025.04.22"]
[EventType "swiss"]
[EventRounds "9"]
[EventCountry "ESP"]
[SourceTitle "CB18_2025"]
[SourceDate "2025.04.30"]
[SourceVersion "1"]
[SourceVersionDate "2025.04.30"]
[SourceQuality "1"]

1. d4 Nf6 2. c4 e6 3. Nf3 d5 4. Nc3 Bb4 5. Qb3 c5 6. dxc5 Nc6 7. e3 Bxc5 8. Be2 a6 9. 0-0 Na5 10. Qc2 dxc4 11. Ne4 Be7 12. Rd1 Qc7 13. Bd2 b5 14. Bxa5 Qxa5 15. a4 Bb7 16. axb5 Qxb5 17. Nd4 Qb4 18. Nxf6+ Bxf6 19. Qxc4 Qxc4 20. Bxc4 0-0 21. b3 Rfd8 22. Rac1 Rd7 23. Nc2 Rc7 24. Nd4 Kf8 25. Ra1 Ke7 26. h3 g5 27. Ra5 Rd7 28. Rda1 Rd6 29. R1a2 h6 30. Ra1 h5 31. Be2 g4 32. Rxh5 gxh3 33. Rxh3 Bxd4 34. exd4 Rxd4 35. Bf3 Bxf3 36. Rxf3 1/2-1/2

[Event "Menorca op-A 4th"]
[Site "Ciutadella"]
[Date "2025.04.23"]
[Round "2"]
[White "Smirnov, Mark1"]
[Black "Petkov, Momchil"]
[Result "1/2-1/2"]
[WhiteElo "2336"]
[BlackElo "2526"]
[PlyCount "73"]
[EventDate "2025.04.22"]
[EventType "swiss"]
[EventRounds "9"]
[EventCountry "ESP"]
[SourceTitle "CB18_2025"]
[SourceDate "2025.04.30"]
[SourceVersion "1"]
[SourceVersionDate "2025.04.30"]
[SourceQuality "1"]

1. e4 g6 2. d4 Bg7 3. Nc3 d6 4. Nf3 Nf6 5. Be2 0-0 6. h3 e6 7. Bf4 a6 8. Qc1 Nc6 9. Bh6 e5 10. Bxg7 Kxg7 11. Qe3 exd4 12. Nxd4 Nxd4 13. Qxd4 c5 14. Qe3 b5 15. 0-0-0 b4 16. e5 bxc3 17. exf6+ Qxf6 18. Qxc3 Qxc3 19. bxc3 Bb7 20. f3 Rfd8 21. Rd2 Kf6 22. Rhd1 Ke6 23. h4 h6 24. Bc4+ d5 25. f4 Rd6 26. Be2 Kf5 27. g4+ Kxf4 28. Rf1+ Kg3 29. Rxf7 Bc8 30. h5 Bxg4 31. Bxg4 Kxg4 32. hxg6 Rxg6 33. Rg2+ Kh5 34. Rh2+ Kg5 35. Rg2+ Kh5 36. Rh2+ Kg5 37. Rg2+ 1/2-1/2

[Event "Wch U20 62nd"]
[Site "Petrovac"]
[Date "2025.03.05"]
[Round "9"]
[White "Petkov, Momchil"]
[Black "George Samir, David"]
[Result "1-0"]
[WhiteElo "2547"]
[BlackElo "2338"]
[PlyCount "85"]
[EventDate "2025.02.25"]
[EventType "swiss"]
[EventRounds "11"]
[EventCountry "MNE"]
[SourceTitle "CB11_2025"]
[SourceDate "2025.03.12"]
[SourceVersion "1"]
[SourceVersionDate "2025.03.12"]
[SourceQuality "1"]

1. e4 c5 2. Nf3 d6 3. d4 cxd4 4. Nxd4 Nf6 5. Nc3 a6 6. f3 e5 7. Nb3 Be6 8. Be3 h5 9. Qd2 Nbd7 10. 0-0-0 Be7 11. Kb1 b5 12. Nd5 Bxd5 13. exd5 Nb6 14. Bxb6 Qxb6 15. Na5 Rc8 16. c4 bxc4 17. Nxc4 Qb8 18. Na5 Rc5 19. Bxa6 Rxd5 20. Qc3 0-0 21. Nc6 Qc7 22. Nxe7+ Qxe7 23. Qc6 Qe6 24. a3 Rb8 25. Rxd5 Nxd5 26. Bb7 Qg6+ 27. Ka1 Qxg2 28. Rd1 Ne3 29. Rxd6 Qxh2 30. Qc7 Rf8 31. Be4 Qg1+ 32. Ka2 f5 33. Bc6 Qg5 34. Rd7 f4 35. Be4 h4 36. Rd6 Nf5 37. Re6 h3 38. Rxe5 h2 39. Bxf5 Qh4 40. Qc4+ Kh8 41. Qf7 Qf6 42. Qxf6 gxf6 43. Re1 1-0

[Event "Wch U20 62nd"]
[Site "Petrovac"]
[Date "2025.02.27"]
[Round "3"]
[White "Petkov, Momchil"]
[Black "Djurovic, Peko"]
[Result "1-0"]
[WhiteElo "2547"]
[BlackElo "2265"]
[PlyCount "65"]
[EventDate "2025.02.25"]
[EventType "swiss"]
[EventRounds "11"]
[EventCountry "MNE"]
[SourceTitle "CB11_2025"]
[SourceDate "2025.03.12"]
[SourceVersion "1"]
[SourceVersionDate "2025.03.12"]
[SourceQuality "1"]

1. e4 c5 2. Nf3 Nc6 3. Bb5 e6 4. 0-0 Nge7 5. Re1 h6 6. b3 a6 7. Bxc6 Nxc6 8. Bb2 b5 9. a4 b4 10. d4 cxd4 11. Nxd4 Qf6 12. Ra2 e5 13. Nxc6 dxc6 14. Qh5 g5 15. Nd2 Be6 16. Qe2 Bd6 17. Nc4 Bc7 18. a5 Rb8 19. Nb6 0-0 20. Qxa6 Rfd8 21. Bc1 Rd4 22. Qe2 Qd8 23. f3 Bxb6 24. axb6 Qxb6 25. Be3 c5 26. Ra6 Qc7 27. h4 gxh4 28. Bxh6 Kh7 29. Bg5 Rg8 30. f4 Rxg5 31. fxg5 Kg6 32. Qg4 Qd8 33. Rf1 1-0